00528nam a2200169Ia 4500003000900000008004100009040001600050080002500066110003300091245009100124260005000215300000800265500001900273650001800292650002700310650002100337IN-BaIIA211028s9999 xx 000 0 eng d cIIA Library a083.7:621.886.6bISI aIndian Standards Institution 0aIndian standard specification for taper keys and keywayscIndian Standards Institution aNew DelhibIndian Standards Institutionc1975 a5p. aIS 2292 : 1974 a Standards  a Taper Keys-Standards aNASA Thesaurus